<?xml version="1.0" encoding="UTF-8"?>
<record
    xmlns:xsi="http://www.w3.org/2001/XMLSchema-instance"
    xsi:schemaLocation="http://www.loc.gov/MARC21/slim http://www.loc.gov/standards/marcxml/schema/MARC21slim.xsd"
    xmlns="http://www.loc.gov/MARC21/slim">

  <leader>00802nam a22001577a 4500</leader>
  <controlfield tag="003">OSt</controlfield>
  <controlfield tag="005">20160105152152.0</controlfield>
  <controlfield tag="008">160105b        xxu||||| |||| 00| 0 eng d</controlfield>
  <datafield tag="040" ind1=" " ind2=" ">
    <subfield code="c">RUA</subfield>
  </datafield>
  <datafield tag="082" ind1=" " ind2=" ">
    <subfield code="a">LMA LEO 2011 B308 Or.1</subfield>
  </datafield>
  <datafield tag="100" ind1=" " ind2=" ">
    <subfield code="9">6044</subfield>
    <subfield code="a">LEOK, PHEAK.</subfield>
  </datafield>
  <datafield tag="245" ind1=" " ind2=" ">
    <subfield code="a">Women's knowledge on the systematic land registration process in sangkat beong trabaek, chamkar mon district, phnom penh, &#x1785;&#x17C6;&#x178E;&#x17C1;&#x17C7;&#x178A;&#x17B9;&#x1784;&#x179A;&#x1794;&#x179F;&#x17CB;&#x179F;&#x17D2;&#x178F;&#x17D2;&#x179A;&#x17B8;&#x17A2;&#x17C6;&#x1796;&#x17B8;&#x178A;&#x17C6;&#x178E;&#x17BE;&#x179A;&#x1780;&#x17B6;&#x179A;&#x1785;&#x17BB;&#x17C7;&#x1794;&#x1789;&#x17D2;&#x1785;&#x17B8;&#x178A;&#x17B8;&#x1792;&#x17D2;&#x179B;&#x17B8;&#x1798;&#x17B6;&#x1793;&#x179B;&#x1780;&#x17D2;&#x1781;&#x178E;&#x17C8;&#x1787;&#x17B6;&#x1794;&#x17D2;&#x179A;&#x1796;&#x17D0;&#x1793;&#x17D2;&#x1792; &#x1793;&#x17C5;&#x179F;&#x1784;&#x17D2;&#x1780;&#x178F;&#x17CB;&#x1794;&#x17B9;&#x1784;&#x178F;&#x17D2;&#x179A;&#x1794;&#x17C2;&#x1780; &#x1781;&#x178E;&#x17D2;&#x178C;&#x1785;&#x17C6;&#x1780;&#x17B6;&#x179A;&#x1798;&#x1793; &#x179A;&#x17B6;&#x1787;&#x1792;&#x17B6;&#x1793;&#x17B8;&#x1797;&#x17D2;&#x1793;&#x17C6;&#x1796;&#x17C1;&#x1789;</subfield>
  </datafield>
  <datafield tag="260" ind1=" " ind2=" ">
    <subfield code="a">Phnom Penh</subfield>
    <subfield code="b">RUA</subfield>
    <subfield code="c">2011</subfield>
  </datafield>
  <datafield tag="300" ind1=" " ind2=" ">
    <subfield code="a">i; 33p.</subfield>
    <subfield code="b">ill.</subfield>
    <subfield code="c">29cm.</subfield>
  </datafield>
  <datafield tag="942" ind1=" " ind2=" ">
    <subfield code="2">ddc</subfield>
    <subfield code="c">LMA</subfield>
  </datafield>
  <datafield tag="999" ind1=" " ind2=" ">
    <subfield code="c">5642</subfield>
    <subfield code="d">5642</subfield>
  </datafield>
  <datafield tag="952" ind1=" " ind2=" ">
    <subfield code="0">0</subfield>
    <subfield code="1">0</subfield>
    <subfield code="2">ddc</subfield>
    <subfield code="4">0</subfield>
    <subfield code="6">LMA_LEO_2011_000000000000000_B308_OR_1</subfield>
    <subfield code="7">0</subfield>
    <subfield code="9">30681</subfield>
    <subfield code="a">LBB</subfield>
    <subfield code="b">LBB</subfield>
    <subfield code="c"> 	B308</subfield>
    <subfield code="d">2016-01-05</subfield>
    <subfield code="l">1</subfield>
    <subfield code="o">LMA LEO 2011 B308 Or.1</subfield>
    <subfield code="p">RUA025906</subfield>
    <subfield code="r">2023-12-08</subfield>
    <subfield code="s">2023-10-30</subfield>
    <subfield code="w">2016-01-05</subfield>
    <subfield code="y">LMA</subfield>
  </datafield>
  <datafield tag="952" ind1=" " ind2=" ">
    <subfield code="0">0</subfield>
    <subfield code="1">0</subfield>
    <subfield code="2">ddc</subfield>
    <subfield code="4">0</subfield>
    <subfield code="6">LMA_LEO_2011_000000000000000_B308_OR_2</subfield>
    <subfield code="7">0</subfield>
    <subfield code="9">30682</subfield>
    <subfield code="a">LBB</subfield>
    <subfield code="b">LBB</subfield>
    <subfield code="c"> 	B308</subfield>
    <subfield code="d">2016-01-05</subfield>
    <subfield code="o">LMA LEO 2011 B308 Or.2</subfield>
    <subfield code="p">RUA025544</subfield>
    <subfield code="r">2016-01-05</subfield>
    <subfield code="w">2016-01-05</subfield>
    <subfield code="y">LMA</subfield>
  </datafield>
  <datafield tag="952" ind1=" " ind2=" ">
    <subfield code="0">0</subfield>
    <subfield code="1">0</subfield>
    <subfield code="2">ddc</subfield>
    <subfield code="4">0</subfield>
    <subfield code="6">LMA_LEO_2011_000000000000000_B308_OR_3</subfield>
    <subfield code="7">0</subfield>
    <subfield code="9">30683</subfield>
    <subfield code="a">LBB</subfield>
    <subfield code="b">LBB</subfield>
    <subfield code="c"> 	B308</subfield>
    <subfield code="d">2016-01-05</subfield>
    <subfield code="o">LMA LEO 2011 B308 Or.3</subfield>
    <subfield code="p">RUA025688</subfield>
    <subfield code="r">2016-01-05</subfield>
    <subfield code="w">2016-01-05</subfield>
    <subfield code="y">LMA</subfield>
  </datafield>
  <datafield tag="952" ind1=" " ind2=" ">
    <subfield code="0">0</subfield>
    <subfield code="1">0</subfield>
    <subfield code="2">ddc</subfield>
    <subfield code="4">0</subfield>
    <subfield code="6">LMA_LEO_2011_000000000000000_B308_OR_4</subfield>
    <subfield code="7">0</subfield>
    <subfield code="9">30684</subfield>
    <subfield code="a">LBB</subfield>
    <subfield code="b">LBB</subfield>
    <subfield code="c"> 	B308</subfield>
    <subfield code="d">2016-01-05</subfield>
    <subfield code="o">LMA LEO 2011 B308 Or.4</subfield>
    <subfield code="p">RUA038562</subfield>
    <subfield code="r">2016-01-05</subfield>
    <subfield code="w">2016-01-05</subfield>
    <subfield code="y">LMA</subfield>
  </datafield>
  <datafield tag="952" ind1=" " ind2=" ">
    <subfield code="0">0</subfield>
    <subfield code="1">0</subfield>
    <subfield code="2">ddc</subfield>
    <subfield code="4">0</subfield>
    <subfield code="6">LMA_LEO_2011_000000000000000_B308_OR_6</subfield>
    <subfield code="7">0</subfield>
    <subfield code="9">30685</subfield>
    <subfield code="a">LBB</subfield>
    <subfield code="b">LBB</subfield>
    <subfield code="c"> 	B308</subfield>
    <subfield code="d">2016-01-05</subfield>
    <subfield code="o">LMA LEO 2011 B308 Or.6</subfield>
    <subfield code="p">RUA018881</subfield>
    <subfield code="r">2016-01-05</subfield>
    <subfield code="w">2016-01-05</subfield>
    <subfield code="y">LMA</subfield>
  </datafield>
  <datafield tag="952" ind1=" " ind2=" ">
    <subfield code="0">0</subfield>
    <subfield code="1">0</subfield>
    <subfield code="2">ddc</subfield>
    <subfield code="4">0</subfield>
    <subfield code="6">LMA_LEO_2011_000000000000000_B308_OR_5</subfield>
    <subfield code="7">0</subfield>
    <subfield code="9">30686</subfield>
    <subfield code="a">LBB</subfield>
    <subfield code="b">LBB</subfield>
    <subfield code="c"> 	B308</subfield>
    <subfield code="d">2016-01-05</subfield>
    <subfield code="o">LMA LEO 2011 B308 Or.5</subfield>
    <subfield code="p">RUA018955</subfield>
    <subfield code="r">2016-01-05</subfield>
    <subfield code="w">2016-01-05</subfield>
    <subfield code="y">LMA</subfield>
  </datafield>
  <datafield tag="952" ind1=" " ind2=" ">
    <subfield code="0">0</subfield>
    <subfield code="1">0</subfield>
    <subfield code="2">ddc</subfield>
    <subfield code="4">0</subfield>
    <subfield code="6">LMA_LEO_2011_000000000000000_B308_OR_7</subfield>
    <subfield code="7">0</subfield>
    <subfield code="9">30687</subfield>
    <subfield code="a">LBB</subfield>
    <subfield code="b">LBB</subfield>
    <subfield code="c"> 	B308</subfield>
    <subfield code="d">2016-01-05</subfield>
    <subfield code="o">LMA LEO 2011 B308 Or.7</subfield>
    <subfield code="p">RUA018668</subfield>
    <subfield code="r">2016-01-05</subfield>
    <subfield code="w">2016-01-05</subfield>
    <subfield code="y">LMA</subfield>
  </datafield>
  <datafield tag="952" ind1=" " ind2=" ">
    <subfield code="0">0</subfield>
    <subfield code="1">0</subfield>
    <subfield code="2">ddc</subfield>
    <subfield code="4">0</subfield>
    <subfield code="6">LMA_LEO_2011_000000000000000_B308_OR_8</subfield>
    <subfield code="7">0</subfield>
    <subfield code="9">30688</subfield>
    <subfield code="a">LBB</subfield>
    <subfield code="b">LBB</subfield>
    <subfield code="c"> 	B308</subfield>
    <subfield code="d">2016-01-05</subfield>
    <subfield code="l">6</subfield>
    <subfield code="o">LMA LEO 2011 B308 Or.8</subfield>
    <subfield code="p">RUA018596</subfield>
    <subfield code="r">2018-08-06</subfield>
    <subfield code="s">2018-07-23</subfield>
    <subfield code="w">2016-01-05</subfield>
    <subfield code="y">LMA</subfield>
  </datafield>
  <datafield tag="952" ind1=" " ind2=" ">
    <subfield code="0">0</subfield>
    <subfield code="1">0</subfield>
    <subfield code="2">ddc</subfield>
    <subfield code="4">0</subfield>
    <subfield code="6">LMA_LEO_2011_000000000000000_B308_OR_9</subfield>
    <subfield code="7">0</subfield>
    <subfield code="9">30689</subfield>
    <subfield code="a">LBB</subfield>
    <subfield code="b">LBB</subfield>
    <subfield code="c"> 	B308</subfield>
    <subfield code="d">2016-01-05</subfield>
    <subfield code="l">1</subfield>
    <subfield code="o">LMA LEO 2011 B308 Or.9</subfield>
    <subfield code="p">A04467</subfield>
    <subfield code="r">2022-08-31</subfield>
    <subfield code="s">2022-08-19</subfield>
    <subfield code="w">2016-01-05</subfield>
    <subfield code="y">LMA</subfield>
  </datafield>
  <datafield tag="952" ind1=" " ind2=" ">
    <subfield code="0">0</subfield>
    <subfield code="1">0</subfield>
    <subfield code="2">ddc</subfield>
    <subfield code="4">0</subfield>
    <subfield code="6">LMA_LEO_2011_000000000000000_B308_OR_10</subfield>
    <subfield code="7">0</subfield>
    <subfield code="9">30690</subfield>
    <subfield code="a">LBB</subfield>
    <subfield code="b">LBB</subfield>
    <subfield code="c"> 	B308</subfield>
    <subfield code="d">2016-01-05</subfield>
    <subfield code="o">LMA LEO 2011 B308 Or.10</subfield>
    <subfield code="p">RUA025618</subfield>
    <subfield code="r">2016-01-05</subfield>
    <subfield code="w">2016-01-05</subfield>
    <subfield code="y">LMA</subfield>
  </datafield>
</record>
